Central Library OPAC University of Rajshahi

Letters of Alexander Pope / (Record no. 20046)

MARC details
000 -LEADER
fixed length control field 00868nam a2200289 a 4500
001 - CONTROL NUMBER
control field 20046
003 - CONTROL NUMBER IDENTIFIER
rucl marc code BD-RjUL
005 - DATE AND TIME OF LATEST TRANSACTION
control field 20211209000520.0
008 - FIXED-LENGTH DATA ELEMENTS--GENERAL INFORMATION
fixed length control field 140226s1960 enk 000 0 eng d
035 ## - SYSTEM CONTROL NUMBER
System control number 60-03319
System control number (OCoLC)711954590
-- (BD-RjUL)20108
040 ## - CATALOGING SOURCE
Original cataloging agency WSU
Modifying agency BD-RjUL
Language of cataloging eng
Transcribing agency BD-RjUL
041 ## - LANGUAGE CODE
Language code of text/sound track or separate title eng
082 ## - DEWEY DECIMAL CLASSIFICATION NUMBER
Classification number 807.6
Author mark and year POL 1960
100 1# - MAIN ENTRY--PERSONAL NAME
Personal name Pope, Alexander,
Dates associated with a name 1688-1744.
9 (RLIN) 55318
245 10 - TITLE STATEMENT
Title Letters of Alexander Pope /
Statement of responsibility, etc. selected and with an introduction by John Butt
260 ## - PUBLICATION, DISTRIBUTION, ETC. (IMPRINT)
Place of publication, distribution, etc. London :
Name of publisher, distributor, etc. Oxford University Press,
Date of publication, distribution, etc. 1960.
300 ## - PHYSICAL DESCRIPTION
Pagination xxviii, 384 p. ;
Size 16 cm
490 1# - SERIES STATEMENT
Series statement World's classics ;
Volume/sequential designation 574
650 ## - SUBJECT ADDED ENTRY--TOPICAL TERM
Topical term or geographic name as entry element Literature, English
9 (RLIN) 61693
700 1# - ADDED ENTRY--PERSONAL NAME
Personal name Butt, John,
Dates associated with a name 1906-1965.
830 #0 - SERIES ADDED ENTRY--UNIFORM TITLE
Volume number/sequential designation 574
830 #0 - SERIES ADDED ENTRY--UNIFORM TITLE
Uniform title World's classics ;
942 ## - ADDED ENTRY ELEMENTS (KOHA)
Source of classification or shelving scheme Dewey Decimal Classification
Koha item type Books
Holdings
Lost status Source of classification or shelving scheme Damaged status Not for loan Collection code Permanent Location Current Location Shelving location Date acquired Source of acquisition Cost, normal purchase price Total Checkouts Full call number Date last seen Copy number Koha item type
  Dewey Decimal Classification   Not For Loan Fiction Central Library, University of Rajshahi Central Library, University of Rajshahi Reading Room 06/04/1964 Zeitlinger 9.00   807.6 POL 1960 26/02/2014 C-1 Books